| 000 | 00453nam a2200181Ia 4500 | ||
|---|---|---|---|
| 003 | STCL | ||
| 008 | 230729s9999 xx 000 0 und d | ||
| 020 | _a9781781570326 | ||
| 040 |
_aSTCL _cSTCL _bEN |
||
| 082 | _222 | ||
| 100 | _aNewth, Tom Von Logue | ||
| 245 | 4 | _aThe ad makers: how the best tv comercials are produced | |
| 260 |
_bIlex _aEast Sussex _c2013 |
||
| 300 | _a176 p | ||
| 365 | _e19.99 EUR | ||
| 546 | _aEnglish | ||
| 942 |
_2DDC _e22 _cBK |
||
| 999 |
_c90756 _d90756 |
||